Statistics for Largest Cities in Germany in 1700

Click here to take the quiz!

General Stats

  • This quiz has been taken 38 times
  • The average score is 19 of 20

Answer Stats

StatePopulationCity% Correct
Augsburg26,000Augsburg
100%
Bremen27,000Bremen
100%
Cologne39,000Cologne
100%
Frankfurt am Main28,000Frankfurt am Main
100%
Hamburg70,000Hamburg
100%
Liège45,000Liège
100%
Lübeck23,000Lübeck
100%
Nuremberg35,000Nuremberg
100%
Regensburg20,000Regensburg
100%
Austria114,000Vienna
100%
Brandenburg30,000Berlin
97%
Mainz20,000Mainz
97%
Bavaria24,000Munich
97%
Bohemia39,000Prague
97%
Brabant66,000Antwerp
92%
Saxony22,000Dresden
92%
Brabant65,000Brussels
89%
Flanders52,000Ghent
83%
Silesia40,000Breslau
81%
Flanders36,000Bruges
78%

Score Distribution

Percentile by Number Answered

Percent of People with Each Score

Your Score History

You have not taken this quiz